000 00656nam a2200265Ia 4500
005 20260121165826.0
008 008 260114s9999 xx 000 0 eng d
020 _a9783319397207
037 _aEBOOK
040 _aCRL
040 _beng
040 _cCRL
041 _2eng
041 _aeng
084 _qCRL
100 _aThomas J. Quirk
_91056495
245 0 _aExcel 2016 for Educational and Psychological Statistics
260 _bSpringer
260 _bSpringer
260 _c2016
856 _uhttps://link.springer.com/openurl?genre=book&isbn=978-3-319-39720-7
942 _cEBOOK
999 _c1622223
_d1622223